书目信息 |
| 题名: |
铅笔风景画:立意与表现
|
|
| 作者: | 杨义辉著/ 绘 | |
| 分册: | ||
| 出版信息: | 哈尔滨 黑龙江科学技术出版社 2000.01 |
|
| 页数: | 71页 | |
| 开本: | 12开 | |
| 丛书名: | ||
| 单 册: | ||
| 中图分类: | TU204.1 | |
| 科图分类: | ||
| 主题词: | 建筑设计 | |
| 电子资源: | ||
| ISBN: | 7-5388-3532-6 | |
| 000 | 00582nam0 2200193 45 | |
| 001 | 0007261517 | |
| 005 | 20000726154619.3 | |
| 010 | @a7-5388-3532-6@d35.00元 | |
| 100 | @a20000726d2000 km y0chiy0120 ea | |
| 101 | 0 | @achi |
| 105 | @a z 000yy | |
| 200 | 1 | @a铅笔风景画:立意与表现@AQian Bi Feng Jing Hua:Li Yi Yu Biao Xian@f杨义辉著/绘@FYang Yi Hui Zhu/Hui |
| 210 | @a哈尔滨@c黑龙江科学技术出版社@d2000.01 | |
| 215 | @a71页@d12开 | |
| 606 | 0 | @a建筑设计 |
| 690 | @aTU204.1@v3 | |
| 701 | 0 | @a杨义辉著/@4绘 |
| 801 | @aCN@bPftUser@c20000726 | |
| 905 | @b79537-546@dTU204.1@eY335@f10 | |
| 铅笔风景画:立意与表现/杨义辉著/绘.-哈尔滨:黑龙江科学技术出版社,2000.01 |
| 71页;12开 |
| ISBN 7-5388-3532-6:35.00元 |
| ● |
| 相关链接 |
|
|
|
正题名:铅笔风景画:立意与表现
索取号:TU204.1/Y335
 
预约/预借
| 序号 | 登录号 | 条形码 | 馆藏地/架位号 | 状态 | 备注 |
| 1 | 79537 | 200795372 | 建筑库101/101建筑库 111排1列3层/ [索取号:TU204.1/Y335] | 在馆 | |
| 2 | 79538 | 200795381 | 建筑库101/101建筑库 111排1列3层/ [索取号:TU204.1/Y335] | 在馆 | |
| 3 | 79539 | 200795390 | 建筑库101/101建筑库 111排1列3层/ [索取号:TU204.1/Y335] | 在馆 | |
| 4 | 79540 | 200795407 | 自科二线404/404自科库 24排1列4层/ [索取号:TU204.1/Y335] | 在馆 | |
| 5 | 79541 | 200795416 | 建筑库101/101建筑库 111排1列3层/ [索取号:TU204.1/Y335] | 在馆 | |
| 6 | 79542 | 200795425 | 建筑库101/101建筑库 111排1列3层/ [索取号:TU204.1/Y335] | 在馆 | |
| 7 | 79543 | 200795434 | 建筑库101/101建筑库 111排1列3层/ [索取号:TU204.1/Y335] | 在馆 | |
| 8 | 79544 | 200795443 | 建筑库101/101建筑库 12排1列5层/ [索取号:TU204.1/Y335] |
已借出,限还日期为2018.05.14 借出人:孙国丹 |
|
| 9 | 79545 | 200795452 | 建筑库101/101建筑库 111排1列3层/ [索取号:TU204.1/Y335] | 在馆 |